00401nam a2200109Ia 4500008004100000041000800041100006300049245003300112260002200145999001900167952010500186240709s9999 xx 000 0 und d aeng aAlfred V. Aho, John E. Hopcroft, Jeffrey D. Ullman9207815 aData Structures & Algorithms bPearson Education c358966d358966 00104070aBCAWbBCAWd2024-07-09g709.00l0pBCAW-BK-259r2024-07-09 00:00:00w2024-07-09yBKz259